Catálogo de los expedientes de los alumnos del Instituto Columela de Cádiz (1863-1953) [ (Record no. 174474)
[ view plain ]
| 000 -LEADER | |
|---|---|
| campo de control de longitud fija | 01259nmm a2200301 i 4500 |
| 001 - NÚMERO DE CONTROL | |
| campo de control | 174474 |
| 003 - IDENTIFICADOR DE NÚMERO DE CONTROL | |
| campo de control | ES-MaACL |
| 005 - FECHA Y HORA DE LA ÚLTIMA TRANSACCIÓN | |
| campo de control | 20230906215535.0 |
| 007 - CAMPO FIJO DE DESCRIPCIÓN FÍSICA--INFORMACIÓN GENERAL | |
| campo de control de longitud fija | c| |g ||||||a| |
| 008 - DATOS DE LONGITUD FIJA--INFORMACIÓN GENERAL | |
| campo de control de longitud fija | 100427s2004 sp | | s001 0 spa d |
| 020 ## - NÚMERO INTERNACIONAL ESTÁNDAR DEL LIBRO | |
| Número Internacional Estándar del Libro | 84-8266-487-5 |
| 080 ## - NÚMERO DE LA CLASIFICACIÓN DECIMAL UNIVERSAL | |
| Número de la Clasificación Decimal Universal | 930.255(460.355 C.) |
| 080 ## - NÚMERO DE LA CLASIFICACIÓN DECIMAL UNIVERSAL | |
| Número de la Clasificación Decimal Universal | 016:373.5(460.355 C.)(093) |
| 110 2# - ENTRADA PRINCIPAL--NOMBRE DE ENTIDAD CORPORATIVA | |
| Nombre de entidad corporativa o nombre de jurisdicción como elemento de entrada | Archivo Histórico Provincial de Cádiz. |
| 9 (RLIN) | 1455 |
| 245 10 - MENCIÓN DEL TÍTULO | |
| Título | Catálogo de los expedientes de los alumnos del Instituto Columela de Cádiz (1863-1953) [ |
| Medio | Recurso electrónico] / |
| Mención de responsabilidad, etc. | autores, Manuel Ravina Martín (dir.) ... [et al.]. |
| 256 ## - CARACTERÍSTICAS DEL ARCHIVO DE ORDENADOR | |
| Características del archivo de ordenador | Datos. |
| 260 ## - PUBLICACIÓN, DISTRIBUCIÓN, ETC. | |
| Lugar de publicación, distribución, etc. | [Sevilla] : |
| Nombre del editor, distribuidor, etc. | Consejería de Cultura, |
| Fecha de publicación, distribución, etc. | [2004] |
| 300 ## - DESCRIPCIÓN FÍSICA | |
| Extensión | 1 disco (CD-ROM) ; |
| Dimensiones | 12 cm. |
| 490 1# - MENCIÓN DE SERIE | |
| Mención de serie | Instrumentos de descripción ; |
| Designación de volumen o secuencia | 17 |
| 538 ## - NOTA DE DETALLES DEL SISTEMA | |
| Nota de detalles del sistema | Pentium 100 Mhz-Windows 95; 16 Mb RAM; vídeo 800x600; lector CD-ROM 4x |
| 594 ## - Nota al título y mención de responsabilidad | |
| Nota al título y mención de responsabilidad | Tít. tomado de la pantalla del título. |
| 610 27 - PUNTO DE ACCESO ADICIONAL DE MATERIA--NOMBRE DE ENTIDAD CORPORATIVA | |
| Nombre de entidad corporativa o nombre de jurisdicción como elemento de entrada | Archivo Histórico Provincial de Cádiz- |
| Subdivisión de forma | Catálogos. |
| 9 (RLIN) | 1456 |
| 610 27 - PUNTO DE ACCESO ADICIONAL DE MATERIA--NOMBRE DE ENTIDAD CORPORATIVA | |
| Nombre de entidad corporativa o nombre de jurisdicción como elemento de entrada | Instituto de Bachillerato Columela- |
| Subdivisión geográfica | (Cádiz)- |
| Subdivisión de forma | Historia- |
| -- | Fuentes- |
| -- | Bibliografías. |
| 9 (RLIN) | 142604 |
| 700 1# - ENTRADA AGREGADA--NOMBRE PERSONAL | |
| Nombre de persona | Ravina Martín, Manuel. |
| 9 (RLIN) | 95596 |
| 830 0# - PUNTO DE ACCESO ADICIONAL DE SERIE-TÍTULO UNIFORME | |
| Título uniforme | Instrumentos de descripción ; |
| Designación de volumen o secuencia | 17 |
| 9 (RLIN) | 223698 |
| 852 ## - LOCALIZACIÓN | |
| Ubicación | ES-MaACL |
| Número de control de estantería | ROT 2/5/5 |
| Nota libre | - CD-ROM |
| Estatus retirado | Estado de pérdida | Estado de daño | No para préstamo | Biblioteca de origen | Biblioteca actual | Ubicación en estantería | Fecha de adquisición | Fuente de adquisición | Total de préstamos | Signatura topográfica completa | Código de barras | Visto por última vez | Precio de reemplazo | Tipo de ítem Koha |
|---|---|---|---|---|---|---|---|---|---|---|---|---|---|---|
| Biblioteca del Ateneo de Madrid | Biblioteca del Ateneo de Madrid | Depósito | 28/04/2010 | ROT 2/5/5 | 1183160 | 23/02/2023 | 23/02/2023 | Archivo de ordenador en CD-ROM, CD o disquete |
